Countries with the Lowest HDI - Statistics

General Stats
  • This quiz has been taken 34 times
  • The average score is 12 of 15
Answer Stats
HDI Country % Correct
.354 Niger
100%
.388 South Sudan
94%
.404 Chad
90%
.457 Democratic Repulic of the Congo
90%
.367 Central African Republic
87%
.440 Eritrea
84%
.427 Mali
84%
.417 Burundi
77%
.423 Burkina Faso
74%
.435 Liberia
74%
.419 Sierra Leone
74%
.459 Guinea
71%
.455 Guinea-Bissau
71%
.452 Yemen
68%
.437 Mozambique
58%
No matching quizzes found
Score Distribution
Percent of People with Each Score
Percentile by Number Answered
Your Score History
You have not taken this quiz